000 00602nam a22001937a 4500
003 AM-YEHGA
040 _aAM-YeHGA
090 _c457047
005 20250617160500.0
008 201030s ||||| |||| 00| 0 rus d
041 0 _arus
100 1 _aМитрофаненков, Н.М.
245 1 0 _aCадоводство Cмоленской области /
_cН.М. Митрофаненков, М.С. Вольский
260 _aСмоленск :
_bСмолгиз,
_c1948.
300 _a180 с.
653 0 _aСадоводство
700 1 _aВольский, М.С.
942 _2udc
_cBK
999 _c454066
_d454066